Articicial intelligence : An mit perspective

Αποθηκεύτηκε σε:
Λεπτομέρειες βιβλιογραφικής εγγραφής
Κύριος συγγραφέας: Winston, Patrick Henry
Άλλοι συγγραφείς: Brown, Richard Henry
Μορφή: Βιβλίο
Γλώσσα:English
Δημοσίευση: Cambridge : Mit press, 1979
Θέματα:
Ετικέτες: Προσθήκη ετικέτας
Δεν υπάρχουν, Καταχωρήστε ετικέτα πρώτοι!

MARC

LEADER 00000nam a2200000 i 4500
001 1/37333
008 960328s1979 eng d
020 |a 0262730596 
020 |a 0262730588 
035 |l 10024656 
040 |a GR-MY-UA  |b gre  |e aacr 
041 0 |a eng 
082 0 |a 006.3 
100 1 |a Winston, Patrick Henry. 
245 1 0 |a Articicial intelligence : An mit perspective 
260 |a Cambridge :   |b Mit press,   |c 1979 
300 |a 2V 
650 0 0 |a Logic machines. 
650 0 0 |a Robotics. 
650 0 0 |a Artificial intelligence. 
700 1 |a Brown, Richard Henry. 
852 |a INST  |b CHIOS  |e 19960328  |h 006.3 ART  |p 005200006720  |q 005200006720  |t BK  |y 0  |z τ.1 
852 |a INST  |b CHIOS  |e 19960328  |h 006.3 ART  |p 005200006721  |q 005200006721  |t BK  |y 0  |z τ.2 
852 |a INST  |b CHIOS  |e 19960328  |h 006.3 ART  |p 005200006720  |q 005200006720  |t BK  |v τ.1:  |y 0  |z τ.1 
852 |a INST  |b CHIOS  |e 19960328  |h 006.3 ART  |p 005200006721  |q 005200006721  |t BK  |v τ.2:  |y 0  |z τ.2 
853 |a INST  |b CHIOS  |h 006.3 ART 
909 |a Χ  |b 002533 
909 |a Χ  |b 002534